Quaternary paleoclimate / (Record no. 152407)
[ view plain ]
| 000 -LEADER | |
|---|---|
| fixed length control field | 01066cam5a220026500 4500 |
| 001 - CONTROL NUMBER | |
| control field | lce01379911 |
| 008 - FIXED-LENGTH DATA ELEMENTS--GENERAL INFORMATION | |
| fixed length control field | 831227s1981 enkab b 100 0 eng |
| 010 ## - LIBRARY OF CONGRESS CONTROL NUMBER | |
| LC control number | 81177862 |
| 020 ## - INTERNATIONAL STANDARD BOOK NUMBER | |
| International Standard Book Number | 0860940764 (pbk.) |
| 035 ## - SYSTEM CONTROL NUMBER | |
| System control number | (Sirsi) r14696 |
| 035 ## - SYSTEM CONTROL NUMBER | |
| System control number | (DLC) 81177862 |
| 035 ## - SYSTEM CONTROL NUMBER | |
| System control number | (UPRA)lce01379911 |
| 050 0# - LIBRARY OF CONGRESS CALL NUMBER | |
| Classification number | QC884 |
| Item number | .Q33 1981 |
| 082 0# - DEWEY DECIMAL CLASSIFICATION NUMBER | |
| Classification number | 551.6 |
| Edition number | 19 |
| 245 00 - TITLE STATEMENT | |
| Title | Quaternary paleoclimate / |
| Statement of responsibility, etc. | edited by W.C. Mahaney. |
| 260 ## - PUBLICATION, DISTRIBUTION, ETC. | |
| Place of publication, distribution, etc. | Norwich, England : |
| Name of publisher, distributor, etc. | Geo Abstracts, |
| Date of publication, distribution, etc. | [1981?] |
| 500 ## - GENERAL NOTE | |
| General note | Papers from a conference held at York University, May 18-20, 1979. |
| 504 ## - BIBLIOGRAPHY, ETC. NOTE | |
| Bibliography, etc. note | Includes bibliographies. |
| 650 #0 - SUBJECT ADDED ENTRY--TOPICAL TERM | |
| Topical term or geographic name entry element | Paleoclimatology -- Congresses. |
| General subdivision | Paleoclimatology -- Congresses. |
| Linkage | S53380.1 |
| 650 #0 - SUBJECT ADDED ENTRY--TOPICAL TERM | |
| Topical term or geographic name entry element | Geology, Stratigraphic -- Quaternary -- Congresses. |
| Chronological subdivision | Geology, Stratigraphic -- Quaternary -- Congresses. |
| General subdivision | Geology, Stratigraphic -- Quaternary -- Congresses. |
| Linkage | S8057.1 |
| 700 1# - ADDED ENTRY--PERSONAL NAME | |
| Personal name | Mahaney, W. C. |
| Linkage | A70736.1 |
| 710 2# - ADDED ENTRY--CORPORATE NAME | |
| Corporate name or jurisdiction name as entry element | York University (Toronto, Ont.) |
| Linkage | A70737.1 |
| 949 ## - LOCAL PROCESSING INFORMATION (OCLC) | |
| a | QC884 |
| w | lcc |
| i | 33729000219415 |
| m | MAIN |
| p | 2500 |
| t | BOOK |
| l | ON-SHELF |
No items available.